书目信息 |
| 题名: |
图像处理大师COREL PHOTO-PAINT完全经验手册
|
|
| 作者: | 杨志锋 , 岳勇 编著 | |
| 分册: | ||
| 出版信息: | 北京 人民邮电出版社 2000.01 |
|
| 页数: | 511页 | |
| 开本: | 16开 | |
| 丛书名: | ||
| 单 册: | ||
| 中图分类: | TP391.41 | |
| 科图分类: | ||
| 主题词: | 计算机应用 | |
| 电子资源: | ||
| ISBN: | 7-115-08263-4 | |
| 000 | 00665nam0 2200205 45 | |
| 001 | 0009282147 | |
| 005 | 20000928212020.2 | |
| 010 | @a7-115-08263-4@d48.00元 | |
| 100 | @a20000928d2000 km y0chiy0120 ea | |
| 101 | 0 | @achi |
| 105 | @a z 000yy | |
| 200 | 1 | @a图像处理大师COREL PHOTO-PAINT完全经验手册@ATu Xiang Chu Li Da Shi COREL PHOTO-PAINT Wan Quan Jing Yan Shou Ce@f杨志锋,岳勇编著@FYang Zhi Feng,Yue Yong Bian Zhu |
| 210 | @a北京@c人民邮电出版社@d2000.01 | |
| 215 | @a511页@d16开 | |
| 606 | 0 | @a计算机应用 |
| 690 | @aTP391.41@v3 | |
| 701 | 0 | @a杨志锋@4编著 |
| 701 | 0 | @a岳勇@4编著 |
| 801 | @aCN@bPftUser@c20000928 | |
| 905 | @b158650-652@dTP391.41@eY259@f3 | |
| 图像处理大师COREL PHOTO-PAINT完全经验手册/杨志锋,岳勇编著.-北京:人民邮电出版社,2000.01 |
| 511页;16开 |
| ISBN 7-115-08263-4:48.00元 |
| ● |
| 相关链接 |
|
|
|
正题名:图像处理大师COREL PHOTO-PAINT完全经验手
索取号:TP391.41/Y259
 
预约/预借
| 序号 | 登录号 | 条形码 | 馆藏地/架位号 | 状态 | 备注 |
| 1 | 158650 | 201586505 | 自科库301/301自科库 68排1列2层/ [索取号:TP391.41/Y259] | 在馆 | |
| 2 | 158651 | 201586514 | 自科库301/301自科库 136排1列3层/ [索取号:TP391.41/Y259] | 在馆 | |
| 3 | 158652 | 201586523 | 自科库301/301自科库 136排1列3层/ [索取号:TP391.41/Y259] | 在馆 |